Practical gilding, bronzing and laquering (Record no. 312)

MARC details
000 -LEADER
fixed length control field 00578nam a2200193Ia 4500
003 - CONTROL NUMBER IDENTIFIER
control field IN-BaIIA
008 - FIXED-LENGTH DATA ELEMENTS--GENERAL INFORMATION
fixed length control field 211028s9999 xx 000 0 eng d
040 ## - CATALOGING SOURCE
Transcribing agency IIA Library
080 ## - UNIVERSAL DECIMAL CLASSIFICATION NUMBER
Universal Decimal Classification number 686.4
Item number SCO
100 ## - MAIN ENTRY--PERSONAL NAME
Personal name Scott-Mitchell, Fredk
9 (RLIN) 634
245 #0 - TITLE STATEMENT
Title Practical gilding, bronzing and laquering
Statement of responsibility, etc. Fredk Scott-Mitchell
260 ## - PUBLICATION, DISTRIBUTION, ETC.
Place of publication, distribution, etc. London
Name of publisher, distributor, etc. The Trade Papers Publishing
Date of publication, distribution, etc. 1905
300 ## - PHYSICAL DESCRIPTION
Extent 183p
490 ## - SERIES STATEMENT
Series statement The decorator deries of practical handbooks
650 ## - SUBJECT ADDED ENTRY--TOPICAL TERM
Topical term or geographic name entry element Book Binding
9 (RLIN) 635
650 ## - SUBJECT ADDED ENTRY--TOPICAL TERM
Topical term or geographic name entry element Handbooks-Book Binding
9 (RLIN) 636
650 ## - SUBJECT ADDED ENTRY--TOPICAL TERM
Topical term or geographic name entry element Others Thesaurus
9 (RLIN) 637
942 ## - ADDED ENTRY ELEMENTS (KOHA)
Koha item type Books
Holdings
Withdrawn status Lost status Damaged status Not for loan Home library Current library Shelving location Date acquired Total Checkouts Full call number Barcode Date last seen Price effective from Koha item type
        IIA Library-Bangalore IIA Library-Kodaikanal General Stacks     686.4/ SCO 303 05/11/2021   Books

Powered by Koha